Hệ tiêu hóa

Cuộc thám hiểm qua đường đi của thức ăn, qua miệng, thực quản, dạ dày, ruột non, ruột già,... và cuối cùng là ruột thẳng. Cuốn sách còn giúp ta hiểu kĩ hơn về những bộ phận tiết chất tiêu hóa như gan, túi mật,... một số cơ quan bài ti...

Полное описание

Сохранить в:
Библиографические подробности
Главный автор: Arnold, Nick
Другие авторы: Trịnh Huy Ninh (Dịch), Tony De Saulles (Minh họa)
Формат:
Язык:Vietnamese
Опубликовано: Tp. Hồ Chí Minh Trẻ 2018
Серии:Horrible Science
Предметы:
Метки: Добавить метку
Нет меток, Требуется 1-ая метка записи!
Thư viện lưu trữ: Thư viện Trường Đại học Nam Cần Thơ
LEADER 01448nam a22002297a 4500
001 NCT_99422
008 220312b xxu||||| |||| 00| 0 vie d
999 |c 4974  |d 4974 
020 |a 9786041130838  |c 37000 
082 0 4 |2 23rd ed.  |a 573.3  |b A752 
100 1 |a Arnold, Nick 
245 1 0 |a Hệ tiêu hóa  |c Nick Arnold; Trịnh Huy Ninh (Dịch); Tony De Saulles (Minh họa) 
260 |a Tp. Hồ Chí Minh  |b Trẻ  |c 2018 
300 |a 157 tr.  |b Minh họa  |c 20cm 
490 0 |a Horrible Science 
520 3 |a Cuộc thám hiểm qua đường đi của thức ăn, qua miệng, thực quản, dạ dày, ruột non, ruột già,... và cuối cùng là ruột thẳng. Cuốn sách còn giúp ta hiểu kĩ hơn về những bộ phận tiết chất tiêu hóa như gan, túi mật,... một số cơ quan bài tiết chất tiêu hóa như thận, bàng quang,... và những căn bệnh lây qua đường tiêu hóa, lây qua thức ăn, tuyến nước bọt,... như tả, thương hàn, kiết lị,... 
653 |a Tham khảo 
700 1 |a Trịnh Huy Ninh   |e Dịch 
700 1 |a Tony De Saulles   |e Minh họa 
942 |2 ddc  |c BK 
952 |0 0  |1 0  |2 ddc  |4 0  |6 573_300000000000000_A752  |7 0  |9 22397  |a 000001  |b 000001  |d 2022-03-12  |o 573.3 A752  |p TK.02691  |r 2022-03-12  |v 37000.00  |w 2022-03-12  |y BK 
980 |a Thư viện Trường Đại học Nam Cần Thơ